000
00211nam a22000977a 4500
003
OSt
008
210112b ||||| |||| 00| 0 eng d
100
_a
Vallathol
_9
4295
245
_a
Vallothol Russiayil
942
_c
BK
999
_c
16407
_d
16407